From colonies to country (Record no. 30223)

MARC details
000 -LEADER
fixed length control field 00558nam a2200181Ia 4500
020 ## - INTERNATIONAL STANDARD BOOK NUMBER
ISBN 0195153243
050 ## - CALL MARK
Classification number E 178 .3 .H22/
100 ## - STATEMENT OF RESPONSIBILITY--MAIN AUTHOR NAME
Personal name Hakim, Joy
245 #0 - TITLE STATEMENT
Title From colonies to country
260 ## - PUBLICATION, DISTRIBUTION, ETC. (IMPRINT)
Place of publication New York
260 ## - PUBLICATION, DISTRIBUTION, ETC. (IMPRINT)
Name of publisher Oxford University Press
260 ## - PUBLICATION, DISTRIBUTION, ETC. (IMPRINT)
Year of publication c2003
300 ## - PHYSICAL DESCRIPTION
Number of Pages 216 p
650 ## - SUBJECT ADDED ENTRY--TOPICAL TERM
Topical Term United States --History --Colonial period, ca. 1600-1775 --Juvenile literature. United States --History --Revolution, 1775-1783 --Juvenile literature.
942 ## - ADDED ENTRY ELEMENTS (KOHA)
Koha item type Books
Holdings
Withdrawn status Lost status Source of classification or shelving scheme Damaged status Not for loan Permanent Location Current Location Date acquired Accession Number Price effective from Koha item type
    Library of Congress Classification     NILE UNIVERSITY OF NIGERIA - MAIN LIBRARY NILE UNIVERSITY OF NIGERIA - MAIN LIBRARY 04/23/2025 0010258 04/23/2025 Books